| 000 | 00353nam a2200133Ia 4500 | ||
|---|---|---|---|
| 008 | 210430s9999 xx 000 0 und d | ||
| 020 | _a978-1921209-22-2 | ||
| 082 | _a500 S 4161 S | ||
| 100 |
_aAllan R . Glanville _947452 |
||
| 245 |
_aScientifica _cAllan R . Glanville |
||
| 260 |
_aChina _bGordon Cheers _c2008 |
||
| 300 | _a512 p | ||
| 942 |
_cMP _2ddc |
||
| 999 |
_c564062 _d564062 |
||